书目信息 |
| 题名: |
物理化学 下
|
|
| 作者: | 天津大学物理化学教研室 编 | |
| 分册: | ||
| 出版信息: | 北京 高等教育出版社 1979.11 |
|
| 页数: | 472页 | |
| 开本: | 20cm | |
| 丛书名: | ||
| 单 册: | ||
| 中图分类: | O64 | |
| 科图分类: | ||
| 主题词: | 物理化学 , 量子化学 | |
| 电子资源: | ||
| ISBN: | 7-04-004169-3 | |
| 000 | 00667nam0 2200217 45 | |
| 001 | 0258681566 | |
| 005 | 2002061016180091 | |
| 010 | @a7-04-004169-3@dRMB 14.30 | |
| 100 | @a20020610d1979 km y0chiy0120 ea | |
| 101 | 0 | @achi |
| 102 | @aCN@b110000 | |
| 200 | 1 | @a物理化学 下@Awu li hua xue xia@f天津大学物理化学教研室编@Ftian jin da xue wu li hua xue jiao yan shi bian |
| 205 | @a3版 | |
| 210 | @a北京@c高等教育出版社@d1979.11 | |
| 215 | @a472页@d20cm | |
| 606 | 0 | @a物理化学 |
| 606 | 0 | @a量子化学 |
| 690 | @aO64@v3 | |
| 701 | 0 | @a天津大学物理化学教研室@Atian jin da xue wu li hua xue jiao yan shi@4编 |
| 801 | 0 | @aCN@bPFT@c20020610 |
| 905 | @a安徽大学@dO64@eT492:2 | |
| 物理化学 下/天津大学物理化学教研室编.-3版.-北京:高等教育出版社,1979.11 |
| 472页;20cm |
| ISBN 7-04-004169-3:RMB 14.30 |
| ● |
| 相关链接 |
|
|
|
正题名:物理化学 下
索取号:O64/T492:2
 
预约/预借
| 序号 | 登录号 | 条形码 | 馆藏地/架位号 | 状态 | 备注 |
| 1 | 363000 | 203630008 | 自科二线504/504自科库 26排1列1层/ [索取号:O64/T492:2] | 在馆 | |
| 2 | 363002 | 203630026 | 自科库401/401自科库 94排2列5层/ [索取号:O64/T492:2] | 在馆 |